000 00702cab a2200241 4500
001 ABS48502
008 090401t1993 xxu||||| |||| 00| 0 eng d
035 _a(Sirsi) u67124
041 _aeng
100 _aBayram, P.
245 _aEnterprise zones - the uncertainty continues
260 _c1993
350 _a0
490 _aCS Monthly : General Practice
_v2(7) April 1993, 7(1)
520 _aHighlights the problems of valuing properties situated in former enterprise zones for rating assessment.
650 _aENTERPRISE ZONES
650 _aMENTOR
650 _aRATING ASSESSMENTS
650 _aValuation
_96273
690 _aRATING AND VALUATION
942 _n0
948 _c04/03/1997
999 _c41997
_d41997